Mahakavi Moyinkutty vaidyarude sampoorna krithikal (v.3)/ (Record no. 181738)

000 -LEADER
fixed length control field 00665nam a22001937a 4500
082 ## - DEWEY DECIMAL CLASSIFICATION NUMBER
Classification number M08
Item number MOY/M.3
100 ## - MAIN ENTRY--AUTHOR NAME
Personal name Moyinkutty Vaidyar
100 ## - MAIN ENTRY--AUTHOR NAME
Personal name Muhammed Abdul Kareem K K
100 ## - MAIN ENTRY--AUTHOR NAME
Personal name Aboobacker K
245 ## - TITLE STATEMENT
Title Mahakavi Moyinkutty vaidyarude sampoorna krithikal (v.3)/
Statement of responsibility, etc by Moyinkutty Vaidyar
250 ## - EDITION STATEMENT
Edition statement 2nd.
260 ## - PUBLICATION, DISTRIBUTION, ETC. (IMPRINT)
Place of publication Malappuram:
Name of publisher Mahakavi Moyinkutty Vaidyar Mappila Kala Academy, Department of Cultural Affairs, Govt. of Kerala,
Year of publication 2015.
300 ## - PHYSICAL DESCRIPTION
Number of Pages 1533p-2306p.
650 ## - SUBJECT ADDED ENTRY--TOPICAL TERM
Topical Term Collection Literature Malayalam
650 ## - SUBJECT ADDED ENTRY--TOPICAL TERM
Topical Term Collection Literature Moyinkutty Vaidyar
650 ## - SUBJECT ADDED ENTRY--TOPICAL TERM
Topical Term Literature Malayalam
650 ## - SUBJECT ADDED ENTRY--TOPICAL TERM
Topical Term Literature
942 ## - ADDED ENTRY ELEMENTS (KOHA)
Koha item type Book
Holdings
Withdrawn status Lost status Damaged status Not for loan Permanent Location Current Location Shelving location Date acquired Cost, normal purchase price Full call number Accession Number Price effective from Koha item type
        Sree Sankaracharya University of Sanskrit Sree Sankaracharya University of Sanskrit Reference 21.05.2026 900.00 R M08 MOY/M.3 108910 21.05.2026 Reference